[Event "56th Hull Congress"]
[Site "Hull"]
[Date "2019.11.02"]
[Round "2"]
[Board "12"]
[White "Smith, Simon"]
[Black "Ross, Stuart"]
[Result "1-0"]
[WhiteElo "1975"]
[BlackElo "1636"]
[PlyCount "0"]
[EventDate "2019.11.01"]
[EventRounds "5"]
[EventCountry "ENG"]

1. d4 {[%clk 01:30:58]} {[%emt 00:00:01]} Nf6 {[%clk 01:30:57]} {[%emt
00:00:03]} 2. Nf3 {[%clk 01:31:21]} {[%emt 00:00:06]} e6 {[%clk 01:31:11]}
{[%emt 00:00:17]} 3. Bg5 {[%clk 01:31:44]} {[%emt 00:00:06]} c5 {[%clk
01:31:14]} {[%emt 00:00:27]} 4. e3 {[%clk 01:31:49]} {[%emt 00:00:26]} b6
{[%clk 01:30:25]} {[%emt 00:01:18]} 5. Nbd2 {[%clk 01:30:39]} {[%emt 00:01:41]}
Bb7 {[%clk 01:30:28]} {[%emt 00:00:26]} 6. Bd3 {[%clk 01:30:29]} {[%emt
00:00:40]} Be7 {[%clk 01:29:32]} {[%emt 00:01:26]} 7. c3 {[%clk 01:28:03]}
{[%emt 00:02:56]} Nc6 {[%clk 01:29:01]} {[%emt 00:01:00]} 8. h3 {[%clk
01:26:56]} {[%emt 00:01:38]} Nd5 {[%clk 01:23:01]} {[%emt 00:06:29]} 9. Bxe7
{[%clk 01:18:14]} {[%emt 00:09:14]} Ncxe7 {[%clk 01:21:04]} {[%emt 00:02:26]}
10. Ne4 {[%clk 01:13:15]} {[%emt 00:05:29]} Qc7 {[%clk 01:19:21]} {[%emt
00:02:13]} 11. a3 {[%clk 01:00:49]} {[%emt 00:12:58]} O-O {[%clk 01:16:06]}
{[%emt 00:03:43]} 12. c4 {[%clk 00:59:22]} {[%emt 00:01:58]} Nf6 {[%clk
01:13:44]} {[%emt 00:02:51]} 13. Nxf6+ {[%clk 00:59:23]} {[%emt 00:00:30]} gxf6
{[%clk 01:14:10]} {[%emt 00:00:03]} 14. Qc2 {[%clk 00:52:49]} {[%emt 00:07:05]}
Ng6 {[%clk 01:10:30]} {[%emt 00:04:09]} 15. h4 {[%clk 00:52:01]} {[%emt
00:01:19]} h5 {[%clk 01:04:54]} {[%emt 00:06:05]} 16. Bxg6 {[%clk 00:52:14]}
{[%emt 00:00:18]} fxg6 {[%clk 01:04:48]} {[%emt 00:00:36]} 17. Qxg6+ {[%clk
00:52:38]} {[%emt 00:00:06]} Kh8 {[%clk 01:04:47]} {[%emt 00:00:30]} 18. Qh6+
{[%clk 00:52:32]} {[%emt 00:00:37]} Kg8 {[%clk 01:05:03]} {[%emt 00:00:15]} 19.
Rh3 {[%clk 00:52:48]} {[%emt 00:00:14]} Rf7 {[%clk 01:00:18]} {[%emt 00:05:12]}
20. Rg3+ {[%clk 00:53:01]} {[%emt 00:00:20]} Qxg3 {[%clk 01:00:30]} {[%emt
00:00:17]} 21. fxg3 {[%clk 00:51:19]} {[%emt 00:00:07]}  1-0

[Event "56th Hull Congress"]
[Site "Hull"]
[Date "2019.11.02"]
[Round "2"]
[Board "13"]
[White "Maladkar, Ritika"]
[Black "Gardiner, Eric D"]
[Result "0-1"]
[WhiteElo "1547"]
[BlackElo "1960"]
[PlyCount "0"]
[EventDate "2019.11.01"]
[EventRounds "5"]
[EventCountry "ENG"]

1. c4 {[%clk 01:30:57]} {[%emt 00:00:02]} e5 {[%clk 01:30:44]} {[%emt
00:00:16]} 2. Nc3 {[%clk 01:31:00]} {[%emt 00:00:27]} Bb4 {[%clk 01:31:04]}
{[%emt 00:00:10]} 3. Nd5 {[%clk 01:31:24]} {[%emt 00:00:07]} Bc5 {[%clk
01:31:24]} {[%emt 00:00:09]} 4. g3 {[%clk 01:30:09]} {[%emt 00:01:46]} c6
{[%clk 01:31:26]} {[%emt 00:00:27]} 5. Nc3 {[%clk 01:29:59]} {[%emt 00:00:41]}
d5 {[%clk 01:29:41]} {[%emt 00:02:15]} 6. cxd5 {[%clk 01:29:04]} {[%emt
00:01:25]} cxd5 {[%clk 01:30:00]} {[%emt 00:00:10]} 7. e3 {[%clk 01:27:38]}
{[%emt 00:01:57]} Nc6 {[%clk 01:27:39]} {[%emt 00:02:51]} 8. Nge2 {[%clk
01:24:41]} {[%emt 00:03:26]} Bg4 {[%clk 01:23:09]} {[%emt 00:04:59]} 9. Bg2
{[%clk 01:20:08]} {[%emt 00:05:04]} Nf6 {[%clk 01:22:17]} {[%emt 00:01:22]} 10.
a3 {[%clk 01:15:14]} {[%emt 00:05:25]} O-O {[%clk 01:17:55]} {[%emt 00:04:51]}
11. O-O {[%clk 01:13:50]} {[%emt 00:01:54]} d4 {[%clk 01:06:59]} {[%emt
00:11:27]} 12. b4 {[%clk 01:01:32]} {[%emt 00:12:49]} Bb6 {[%clk 00:57:49]}
{[%emt 00:09:39]} 13. Na4 {[%clk 00:56:33]} {[%emt 00:05:28]} d3 {[%clk
00:57:14]} {[%emt 00:01:05]} 14. f3 {[%clk 00:56:06]} {[%emt 00:00:58]} dxe2
{[%clk 00:57:16]} {[%emt 00:00:28]} 15. Qxe2 {[%clk 00:56:11]} {[%emt
00:00:25]} Bf5 {[%clk 00:56:49]} {[%emt 00:00:56]} 16. Qf2 {[%clk 00:48:50]}
{[%emt 00:07:52]} Bd3 {[%clk 00:55:10]} {[%emt 00:02:08]} 17. Nxb6 {[%clk
00:46:34]} {[%emt 00:02:47]} Bxf1 {[%clk 00:53:26]} {[%emt 00:02:14]} 18. Nxa8
{[%clk 00:46:38]} {[%emt 00:00:26]} Bxg2 {[%clk 00:53:45]} {[%emt 00:00:10]} 19.
Qxg2 {[%clk 00:46:39]} {[%emt 00:00:30]} Qxa8 {[%clk 00:53:45]} {[%emt
00:00:30]} 20. Bb2 {[%clk 00:45:57]} {[%emt 00:01:12]} Qe8 {[%clk 00:47:52]}
{[%emt 00:06:23]} 21. Rc1 {[%clk 00:42:47]} {[%emt 00:03:39]} Qe6 {[%clk
00:47:27]} {[%emt 00:00:56]} 22. d3 {[%clk 00:38:56]} {[%emt 00:04:21]} a6
{[%clk 00:44:38]} {[%emt 00:03:18]} 23. h4 {[%clk 00:34:07]} {[%emt 00:05:20]}
Rd8 {[%clk 00:44:08]} {[%emt 00:00:59]} 24. Rc3 {[%clk 00:32:36]} {[%emt
00:02:01]} Nd5 {[%clk 00:41:02]} {[%emt 00:03:38]} 25. Rc5 {[%clk 00:27:01]}
{[%emt 00:06:04]} Nxe3 {[%clk 00:39:22]} {[%emt 00:02:10]} 26. Qe2 {[%clk
00:26:02]} {[%emt 00:01:27]} Nf5 {[%clk 00:39:29]} {[%emt 00:00:24]} 27. Kh2
{[%clk 00:23:09]} {[%emt 00:03:23]} Rd5 {[%clk 00:37:33]} {[%emt 00:02:27]} 28.
Qe4 {[%clk 00:21:04]} {[%emt 00:02:34]} Rxc5 {[%clk 00:37:09]} {[%emt
00:00:55]} 29. bxc5 {[%clk 00:20:56]} {[%emt 00:00:39]} Nfd4 {[%clk 00:36:45]}
{[%emt 00:00:53]} 30. Bc1 {[%clk 00:15:51]} {[%emt 00:05:33]} Qa2+ {[%clk
00:36:08]} {[%emt 00:01:09]} 31. Kh3 {[%clk 00:14:40]} {[%emt 00:01:42]} Qe2
{[%clk 00:35:40]} {[%emt 00:00:56]} 32. Qxe2 {[%clk 00:13:11]} {[%emt
00:02:01]} Nxe2 {[%clk 00:36:01]} {[%emt 00:00:08]} 33. Be3 {[%clk 00:13:01]}
{[%emt 00:00:39]} Ned4 {[%clk 00:35:40]} {[%emt 00:00:52]} 34. Kg4 {[%clk
00:12:12]} {[%emt 00:01:19]} f5+ {[%clk 00:35:33]} {[%emt 00:00:36]} 35. Kg5
{[%clk 00:12:09]} {[%emt 00:00:34]} h6+ {[%clk 00:35:16]} {[%emt 00:00:47]} 36.
Kh5 {[%clk 00:11:23]} {[%emt 00:01:17]} Kh7 {[%clk 00:35:21]} {[%emt 00:00:24]}
 0-1

[Event "56th Hull Congress"]
[Site "Hull"]
[Date "2019.11.02"]
[Round "2"]
[Board "14"]
[White "Munshi, Aditya"]
[Black "Bettley, Andrew D"]
[Result "1-0"]
[WhiteElo "2183"]
[BlackElo "1492"]
[PlyCount "0"]
[EventDate "2019.11.01"]
[EventRounds "5"]
[EventCountry "ENG"]

1. e4 {[%clk 01:30:51]} {[%emt 00:00:08]} e5 {[%clk 01:30:45]} {[%emt
00:00:15]} 2. Bc4 {[%clk 01:30:54]} {[%emt 00:00:27]} Bc5 {[%clk 01:30:49]}
{[%emt 00:00:27]} 3. Nf3 {[%clk 01:30:43]} {[%emt 00:00:41]} d6 {[%clk
01:30:09]} {[%emt 00:01:10]} 4. c3 {[%clk 01:30:00]} {[%emt 00:01:12]} Nf6
{[%clk 01:29:22]} {[%emt 00:01:17]} 5. d3 {[%clk 01:30:11]} {[%emt 00:00:19]}
h6 {[%clk 01:29:08]} {[%emt 00:00:45]} 6. O-O {[%clk 01:29:33]} {[%emt
00:01:08]} O-O {[%clk 01:26:45]} {[%emt 00:02:52]} 7. Nbd2 {[%clk 01:29:35]}
{[%emt 00:00:28]} a5 {[%clk 01:23:11]} {[%emt 00:04:04]} 8. d4 {[%clk
01:23:24]} {[%emt 00:06:41]} exd4 {[%clk 01:21:30]} {[%emt 00:02:11]} 9. cxd4
{[%clk 01:19:00]} {[%emt 00:04:54]} Bb6 {[%clk 01:20:55]} {[%emt 00:01:05]} 10.
e5 {[%clk 01:19:14]} {[%emt 00:00:16]} dxe5 {[%clk 01:17:56]} {[%emt 00:03:30]}
11. dxe5 {[%clk 01:19:43]} Nfd7 {[%clk 01:15:25]} {[%emt 00:03:00]} 12. Ne4
{[%clk 01:15:53]} {[%emt 00:04:20]} Nc5 {[%clk 01:12:55]} {[%emt 00:03:00]} 13.
Qe2 {[%clk 01:15:00]} {[%emt 00:01:23]} Be6 {[%clk 01:05:10]} {[%emt 00:08:15]}
14. Nxc5 {[%clk 01:14:11]} {[%emt 00:01:19]} Bxc5 {[%clk 01:04:52]} {[%emt
00:00:48]} 15. Bxe6 {[%clk 00:59:56]} {[%emt 00:14:45]} fxe6 {[%clk 01:04:54]}
{[%emt 00:00:28]} 16. Qe4 {[%clk 00:58:20]} {[%emt 00:02:06]} Nc6 {[%clk
00:55:17]} {[%emt 00:10:08]} 17. Bxh6 {[%clk 00:41:54]} {[%emt 00:16:55]} Rf5
{[%clk 00:48:33]} {[%emt 00:07:14]} 18. Rfd1 {[%clk 00:33:13]} {[%emt
00:09:11]} Qe7 {[%clk 00:48:19]} {[%emt 00:00:43]} 19. Be3 {[%clk 00:32:41]}
{[%emt 00:01:02]} Bxe3 {[%clk 00:46:32]} {[%emt 00:02:18]} 20. Qxe3 {[%clk
00:32:52]} {[%emt 00:00:19]} Nb4 {[%clk 00:45:52]} {[%emt 00:01:10]} 21. Nd4
{[%clk 00:31:43]} {[%emt 00:01:39]} Rf7 {[%clk 00:45:48]} {[%emt 00:00:35]} 22.
Qb3 {[%clk 00:31:24]} {[%emt 00:00:48]} Re8 {[%clk 00:44:18]} {[%emt 00:02:00]}
23. a3 {[%clk 00:31:22]} {[%emt 00:00:31]} Nd5 {[%clk 00:42:59]} {[%emt
00:01:49]} 24. Qxb7 {[%clk 00:30:18]} {[%emt 00:01:34]} Qg5 {[%clk 00:40:07]}
{[%emt 00:03:23]} 25. Nxe6 {[%clk 00:29:01]} {[%emt 00:01:47]} Rxe6 {[%clk
00:39:33]} {[%emt 00:01:04]} 26. Qxd5 {[%clk 00:23:36]} {[%emt 00:05:54]} Rxe5
{[%clk 00:38:05]} {[%emt 00:01:59]} 27. Qd8+ {[%clk 00:22:40]} {[%emt
00:01:26]} Qxd8 {[%clk 00:37:46]} {[%emt 00:00:49]} 28. Rxd8+ {[%clk 00:23:08]}
{[%emt 00:00:02]} Kh7 {[%clk 00:38:10]} {[%emt 00:00:06]} 29. Rd2 {[%clk
00:22:28]} {[%emt 00:01:10]} Rfe7 {[%clk 00:38:23]} {[%emt 00:00:16]} 30. g3
{[%clk 00:22:38]} {[%emt 00:00:20]} Kg6 {[%clk 00:38:40]} {[%emt 00:00:14]} 31.
Kg2 {[%clk 00:23:01]} {[%emt 00:00:07]} Kf6 {[%clk 00:38:35]} {[%emt 00:00:36]}
32. Rc1 {[%clk 00:22:48]} {[%emt 00:00:42]} c5 {[%clk 00:35:32]} {[%emt
00:03:34]} 33. Rdc2 {[%clk 00:20:53]} {[%emt 00:02:25]} Rc7 {[%clk 00:35:49]}
{[%emt 00:00:12]} 34. b4 {[%clk 00:21:02]} {[%emt 00:00:21]}  1-0

[Event "56th Hull Congress"]
[Site "Hull"]
[Date "2019.11.02"]
[Round "2"]
[Board "15"]
[White "Ther, Mate"]
[Black "Bossy, Arnim"]
[Result "1/2-1/2"]
[WhiteElo "2003"]
[BlackElo "2190"]
[PlyCount "0"]
[EventDate "2019.11.01"]
[EventRounds "5"]
[EventCountry "ENG"]

1. e4 {[%clk 01:26:32]} {[%emt 00:04:28]} d5 {[%clk 01:30:59]} {[%emt
00:00:02]} 2. exd5 {[%clk 01:26:56]} {[%emt 00:00:05]} Nf6 {[%clk 01:31:25]}
{[%emt 00:00:04]} 3. Nf3 {[%clk 01:27:22]} {[%emt 00:00:05]} Bg4 {[%clk
01:31:45]} {[%emt 00:00:10]} 4. d4 {[%clk 01:27:06]} {[%emt 00:00:47]} Qxd5
{[%clk 01:32:10]} {[%emt 00:00:04]} 5. Be2 {[%clk 01:26:02]} {[%emt 00:01:33]}
Nc6 {[%clk 01:32:38]} {[%emt 00:00:03]} 6. h3 {[%clk 01:24:39]} {[%emt
00:01:53]} Bxf3 {[%clk 01:31:47]} {[%emt 00:01:21]} 7. Bxf3 {[%clk 01:25:03]}
{[%emt 00:00:06]} Qd7 {[%clk 01:32:09]} {[%emt 00:00:07]} 8. Be3 {[%clk
01:24:50]} {[%emt 00:00:44]} O-O-O {[%clk 01:30:02]} {[%emt 00:02:37]} 9. c3
{[%clk 01:24:45]} {[%emt 00:00:35]} e6 {[%clk 01:22:10]} {[%emt 00:08:22]} 10.
Nd2 {[%clk 01:19:04]} {[%emt 00:06:09]} Kb8 {[%clk 01:18:16]} {[%emt 00:04:26]}
11. O-O {[%clk 01:18:05]} {[%emt 00:01:29]} Rg8 {[%clk 01:17:24]} {[%emt
00:01:22]} 12. a4 {[%clk 01:16:54]} {[%emt 00:01:40]} g5 {[%clk 01:14:54]}
{[%emt 00:03:01]} 13. a5 {[%clk 01:15:40]} {[%emt 00:01:43]} Nd5 {[%clk
01:04:56]} {[%emt 00:10:28]}  1/2-1/2

[Event "56th Hull Congress"]
[Site "Hull"]
[Date "2019.11.02"]
[Round "2"]
[Board "16"]
[White "Murphy, Ross"]
[Black "Cooper, John G"]
[Result "0-1"]
[WhiteElo "1651"]
[BlackElo "2083"]
[PlyCount "0"]
[EventDate "2019.11.01"]
[EventRounds "5"]
[EventCountry "ENG"]

1. Nf3 {[%clk 01:30:55]} {[%emt 00:00:05]} d5 {[%clk 01:30:48]} {[%emt
00:00:13]} 2. g3 {[%clk 01:31:16]} {[%emt 00:00:08]} c5 {[%clk 01:31:08]}
{[%emt 00:00:10]} 3. Bg2 {[%clk 01:31:37]} {[%emt 00:00:08]} Nc6 {[%clk
01:31:24]} {[%emt 00:00:15]} 4. d4 {[%clk 01:31:54]} {[%emt 00:00:12]} e6
{[%clk 01:31:33]} {[%emt 00:00:22]} 5. O-O {[%clk 01:32:01]} {[%emt 00:00:23]}
Nf6 {[%clk 01:31:54]} {[%emt 00:00:09]} 6. c4 {[%clk 01:31:13]} {[%emt
00:01:18]} Be7 {[%clk 01:30:43]} {[%emt 00:01:40]} 7. cxd5 {[%clk 01:30:53]}
{[%emt 00:00:50]} exd5 {[%clk 01:31:04]} {[%emt 00:00:11]} 8. dxc5 {[%clk
01:30:32]} {[%emt 00:00:50]} Bxc5 {[%clk 01:31:08]} {[%emt 00:00:26]} 9. a3
{[%clk 01:30:28]} {[%emt 00:00:34]} Ne4 {[%clk 01:24:59]} {[%emt 00:06:39]} 10.
Qc2 {[%clk 01:29:53]} {[%emt 00:01:05]} Bf5 {[%clk 01:19:47]} {[%emt 00:05:43]}
11. Qb3 {[%clk 01:28:00]} {[%emt 00:02:22]} Na5 {[%clk 01:11:48]} {[%emt
00:08:29]} 12. Qa4+ {[%clk 01:25:47]} {[%emt 00:02:43]} Bd7 {[%clk 01:12:03]}
{[%emt 00:00:15]} 13. Qd1 {[%clk 01:25:44]} {[%emt 00:00:32]} Qb6 {[%clk
01:12:11]} {[%emt 00:00:24]} 14. e3 {[%clk 01:24:16]} {[%emt 00:01:58]} Nb3
{[%clk 01:11:38]} {[%emt 00:01:04]} 15. Qxd5 {[%clk 01:23:27]} {[%emt
00:01:18]} Nf6 {[%clk 01:08:35]} {[%emt 00:03:33]} 16. Qe5+ {[%clk 01:21:28]}
{[%emt 00:02:29]} Be6 {[%clk 01:08:23]} {[%emt 00:00:41]} 17. Nc3 {[%clk
01:20:49]} {[%emt 00:01:07]} Bd6 {[%clk 01:06:48]} {[%emt 00:02:08]} 18. Qg5
{[%clk 01:18:28]} {[%emt 00:02:50]} Nxa1 {[%clk 01:06:36]} {[%emt 00:00:41]} 19.
Qxg7 {[%clk 01:18:37]} {[%emt 00:00:19]} Ke7 {[%clk 01:06:52]} {[%emt
00:00:18]} 20. Nh4 {[%clk 01:15:19]} {[%emt 00:03:47]} Rag8 {[%clk 01:02:38]}
{[%emt 00:04:44]} 21. Qh6 {[%clk 01:14:47]} {[%emt 00:00:51]} Nb3 {[%clk
01:01:54]} {[%emt 00:01:26]} 22. Ne4 {[%clk 01:14:07]} {[%emt 00:01:09]} Nxe4
{[%clk 01:01:04]} {[%emt 00:01:21]} 23. Bxe4 {[%clk 01:14:34]} {[%emt
00:00:03]} Nxc1 {[%clk 01:00:59]} {[%emt 00:00:35]} 24. Rxc1 {[%emt 00:00:49]}
Be5 {[%emt 00:03:15]} 25. Bf5 {[%clk 01:08:24]} {[%emt 00:02:34]} Bd5 {[%clk
00:59:35]} {[%emt 00:01:55]} 26. e4 {[%clk 01:08:08]} {[%emt 00:00:46]} Qxh6
{[%clk 00:59:50]} {[%emt 00:00:15]}  0-1

[Event "56th Hull Congress"]
[Site "Hull"]
[Date "2019.11.02"]
[Round "2"]
[Board "17"]
[White "Burnett, Jim"]
[Black "Staples, Daniel J"]
[Result "1-0"]
[WhiteElo "2037"]
[BlackElo "1983"]
[PlyCount "0"]
[EventDate "2019.11.01"]
[EventRounds "5"]
[EventCountry "ENG"]

1. d4 {[%clk 01:30:59]} Nf6 {[%clk 01:24:28]} {[%emt 00:06:33]} 2. c4 {[%clk
01:31:05]} {[%emt 00:00:23]} e6 {[%clk 01:24:52]} {[%emt 00:00:07]} 3. Nf3
{[%clk 01:31:29]} {[%emt 00:00:06]} d5 {[%clk 01:25:18]} {[%emt 00:00:05]} 4.
Nc3 {[%clk 01:31:54]} {[%emt 00:00:04]} c6 {[%clk 01:25:16]} {[%emt 00:00:33]}
5. Bg5 {[%clk 01:32:12]} {[%emt 00:00:11]} Be7 {[%clk 01:25:36]} {[%emt
00:00:11]} 6. e3 {[%clk 01:32:30]} {[%emt 00:00:11]} Nbd7 {[%clk 01:25:58]}
{[%emt 00:00:09]} 7. Rc1 {[%clk 01:32:46]} {[%emt 00:00:13]} Nf8 {[%clk
01:25:49]} {[%emt 00:00:40]} 8. Bd3 {[%clk 01:28:03]} {[%emt 00:05:12]} Ng6
{[%clk 01:25:10]} {[%emt 00:01:10]} 9. O-O {[%clk 01:26:58]} {[%emt 00:01:35]}
O-O {[%clk 01:23:51]} {[%emt 00:01:49]} 10. Qc2 {[%clk 01:19:50]} {[%emt
00:07:38]} dxc4 {[%clk 01:22:41]} {[%emt 00:01:41]} 11. Bxc4 {[%clk 01:18:25]}
{[%emt 00:01:55]} Nd5 {[%clk 01:19:16]} {[%emt 00:03:55]} 12. Bxe7 {[%clk
01:18:04]} {[%emt 00:00:50]} Qxe7 {[%clk 01:19:34]} {[%emt 00:00:11]} 13. Rfd1
{[%clk 01:06:14]} {[%emt 00:12:20]} Nxc3 {[%clk 01:10:18]} {[%emt 00:09:47]} 14.
Qxc3 {[%clk 01:05:58]} {[%emt 00:00:45]} b6 {[%clk 01:10:28]} {[%emt 00:00:21]}
15. Bd3 {[%clk 01:04:11]} {[%emt 00:02:16]} Bb7 {[%clk 01:10:25]} {[%emt
00:00:33]} 16. b4 {[%clk 01:03:49]} {[%emt 00:00:52]} a5 {[%clk 01:08:52]}
{[%emt 00:02:04]} 17. bxa5 {[%clk 01:03:40]} {[%emt 00:00:39]} Rxa5 {[%clk
01:09:08]} {[%emt 00:00:14]} 18. Qb3 {[%clk 01:03:21]} {[%emt 00:00:49]} b5
{[%clk 01:07:22]} {[%emt 00:02:17]} 19. Rc5 {[%clk 01:01:09]} {[%emt 00:02:41]}
Rfa8 {[%clk 01:07:28]} {[%emt 00:00:25]} 20. Bb1 {[%clk 01:01:21]} {[%emt
00:00:17]} f6 {[%clk 01:03:35]} {[%emt 00:04:23]} 21. Rdc1 {[%clk 00:58:49]}
{[%emt 00:03:00]} Nf8 {[%clk 01:03:12]} {[%emt 00:00:55]} 22. Qc2 {[%clk
00:55:55]} {[%emt 00:03:24]} g6 {[%clk 00:55:47]} {[%emt 00:07:55]} 23. Qe4
{[%clk 00:52:36]} {[%emt 00:03:48]} Nd7 {[%clk 00:50:30]} {[%emt 00:05:48]} 24.
R5c2 {[%clk 00:52:22]} {[%emt 00:00:43]} Nb6 {[%clk 00:50:22]} {[%emt
00:00:38]} 25. Nd2 {[%clk 00:51:06]} {[%emt 00:01:46]} c5 {[%clk 00:45:26]}
{[%emt 00:05:26]} 26. Qh4 {[%clk 00:50:45]} {[%emt 00:00:50]} c4 {[%clk
00:45:34]} {[%emt 00:00:23]} 27. e4 {[%clk 00:50:26]} {[%emt 00:00:48]} Re8
{[%clk 00:40:36]} {[%emt 00:05:29]} 28. Nf3 {[%clk 00:48:32]} {[%emt 00:02:24]}
b4 {[%clk 00:30:20]} {[%emt 00:10:46]} 29. Re2 {[%clk 00:46:19]} {[%emt
00:02:43]} Ba6 {[%clk 00:26:32]} {[%emt 00:04:18]} 30. e5 {[%clk 00:41:00]}
{[%emt 00:05:49]} f5 {[%clk 00:23:49]} {[%emt 00:03:13]} 31. Qg3 {[%clk
00:41:17]} {[%emt 00:00:13]} Nd5 {[%clk 00:16:30]} {[%emt 00:07:49]} 32. h4
{[%clk 00:39:30]} {[%emt 00:02:16]} Kh8 {[%clk 00:13:35]} {[%emt 00:03:26]} 33.
Ne1 {[%clk 00:37:53]} {[%emt 00:02:06]} Ra3 {[%clk 00:10:48]} {[%emt 00:03:18]}
34. f3 {[%clk 00:37:22]} {[%emt 00:01:01]} Rd8 {[%clk 00:09:29]} {[%emt
00:01:49]} 35. Qf2 {[%clk 00:36:46]} {[%emt 00:01:06]} Rc3 {[%clk 00:08:29]}
{[%emt 00:01:31]} 36. Rd1 {[%clk 00:36:10]} {[%emt 00:01:06]} Bb5 {[%clk
00:05:52]} {[%emt 00:03:08]} 37. Rb2 {[%clk 00:36:06]} {[%emt 00:00:34]} Ba4
{[%clk 00:05:36]} {[%emt 00:00:45]} 38. Bc2 {[%clk 00:36:18]} {[%emt 00:00:18]}
Ra8 {[%clk 00:04:23]} {[%emt 00:01:45]} 39. Bxa4 {[%clk 00:34:48]} {[%emt
00:02:00]} Rxa4 {[%clk 00:04:52]} 40. Rdb1 {[%clk 00:32:07]} {[%emt 00:03:10]}
Qa7 {[%clk 00:03:36]} {[%emt 00:01:46]} 41. Qd2 {[%clk 00:28:31]} {[%emt
00:04:06]} f4 {[%clk 00:03:04]} {[%emt 00:01:02]} 42. Rxb4 {[%clk 00:27:00]}
{[%emt 00:02:00]} Rxa2 {[%clk 00:03:20]} {[%emt 00:00:14]} 43. Rb8+ {[%clk
00:25:18]} {[%emt 00:02:12]} Kg7 {[%clk 00:03:49]} {[%emt 00:00:02]} 44. R1b7+
{[%clk 00:24:56]} {[%emt 00:00:52]} Kh6 {[%clk 00:01:55]} {[%emt 00:02:24]} 45.
Rxa7 {[%clk 00:25:08]} {[%emt 00:00:19]} Rxd2 {[%clk 00:02:23]} {[%emt
00:00:02]} 46. Rbb7 {[%clk 00:24:38]} {[%emt 00:01:00]} g5 {[%clk 00:02:52]}
 1-0